[Event "Moscow op (Women) 16th"]
[Site "Moscow"]
[Date "2020.01.28"]
[Round "4"]
[White "Budkina, Karolina"]
[Black "Komarova, Viktoria"]
[Result "1/2-1/2"]
[WhiteElo "1450"]
[BlackElo "1471"]
[PlyCount "94"]
[EventDate "2020.01.25"]
[EventType "swiss"]
[EventRounds "9"]
[EventCountry "RUS"]
[SourceTitle "CBM 194 Extra"]
[Source "ChessBase"]
[SourceDate "2020.03.31"]
[SourceVersion "1"]
[SourceVersionDate "2020.03.31"]
[SourceQuality "1"]

1. e4 c5 2. c3 Nf6 3. e5 Nd5 4. g3 d6 5. exd6 Qxd6 6. Bg2 e6 7. Nf3 Be7 8. 0-0 0-0 9. Na3 Bd7 10. d4 Bc6 11. Nc4 Qc7 12. Nce5 cxd4 13. Qxd4 Rd8 14. Nxc6 Nxc6 15. Qe4 Rd7 16. a3 Rad8 17. c4 Nf6 18. Qe2 Nd4 19. Nxd4 Rxd4 20. Be3 Rxc4 21. Rfc1 Rxc1+ 22. Rxc1 Qb8 23. Qc4 Ne8 24. Qa4 b6 25. Bf3 Bd6 26. Rd1 Qc7 27. Bc6 Kf8 28. Bg5 f6 29. Be3 Ke7 30. Bf3 Qd7 31. Qh4 h6 32. Qh5 Kf8 33. Rc1 Rc8 34. Rd1 Rd8 35. Bg4 f5 36. Bf3 Nf6 37. Qh4 Qe7 38. Qa4 g5 39. h4 Qg7 40. hxg5 hxg5 41. Qc6 Ne8 42. Bd4 Qc7 43. Qa4 Bxg3 44. fxg3 Qxg3+ 45. Bg2 Qc7 46. Re1 Kf7 47. Qb3 Qd6 1/2-1/2

[Event "Moscow op (Women) 16th"]
[Site "Moscow"]
[Date "2020.01.27"]
[Round "3"]
[White "Komarova, Viktoria"]
[Black "Kulkova, Dina"]
[Result "0-1"]
[WhiteElo "1471"]
[BlackElo "1627"]
[PlyCount "120"]
[EventDate "2020.01.25"]
[EventType "swiss"]
[EventRounds "9"]
[EventCountry "RUS"]
[SourceTitle "CBM 194 Extra"]
[Source "ChessBase"]
[SourceDate "2020.03.31"]
[SourceVersion "1"]
[SourceVersionDate "2020.03.31"]
[SourceQuality "1"]

1. d4 Nf6 2. c4 e6 3. Nf3 d5 4. e3 Bb4+ 5. Bd2 Bxd2+ 6. Nbxd2 0-0 7. cxd5 Nxd5 8. Bc4 b6 9. 0-0 Bb7 10. Rc1 Nd7 11. Be2 Rc8 12. Nc4 Qe7 13. Nce5 Nxe5 14. Nxe5 c5 15. Nf3 Rfd8 16. Qa4 Rd7 17. Ba6 Bxa6 18. Qxa6 Rdc7 19. Qa3 cxd4 20. Qxe7 Nxe7 21. Rxc7 Rxc7 22. Nxd4 e5 23. Nb3 Rc2 24. Rd1 Nc6 25. Rd2 Rxd2 26. Nxd2 Nb4 27. a3 Nd3 28. b3 Nc5 29. Kf1 f5 30. Ke2 Kf7 31. b4 Nd7 32. Kd3 b5 33. f3 Ke6 34. e4 f4 35. Nb3 Kd6 36. Nd2 Nb6 37. Kc3 g5 38. Kd3 Na4 39. Ke2 h5 40. h3 Ke7 41. Nb3 Nb6 42. Nd2 Kf7 43. Kd3 Kg6 44. Nb1 Nc4 45. Ke2 h4 46. Kf1 Kf7 47. Ke2 Ke6 48. Ke1 Kd6 49. Ke2 Kc6 50. Kf2 Kb6 51. Ke2 a5 52. Kf2 Ka6 53. Kg1 Nxa3 54. Nxa3 axb4 55. Nb1 Ka5 56. Kf1 Ka4 57. Ke1 Kb3 58. Kd1 Kb2 59. Nd2 b3 60. Ke2 Kc2 0-1

[Event "Moscow-ch final (Women)"]
[Site "Moscow"]
[Date "2019.04.03"]
[Round "5"]
[White "Zakharova, Anna"]
[Black "Komarova, Viktoria"]
[Result "1/2-1/2"]
[WhiteElo "1820"]
[BlackElo "1567"]
[PlyCount "82"]
[EventDate "2019.03.30"]
[EventType "swiss"]
[EventRounds "9"]
[EventCountry "RUS"]
[SourceTitle "CBM 189 Extra"]
[Source "ChessBase"]
[SourceDate "2019.06.03"]
[SourceVersion "1"]
[SourceVersionDate "2019.06.03"]
[SourceQuality "1"]

1. e4 Nf6 2. Nc3 d5 3. exd5 Nxd5 4. Nxd5 Qxd5 5. d4 Nc6 6. Be3 Bf5 7. c3 e6 8. Nf3 Be7 9. Be2 0-0 10. 0-0 Bf6 11. Nd2 Qd7 12. Bf3 a6 13. Nb3 b6 14. g4 Bg6 15. Bg2 Rab8 16. Qf3 Na7 17. Qg3 Be7 18. Rfd1 Bd6 19. f4 c6 20. h4 f5 21. g5 Bh5 22. Rd2 Bg4 23. Nc1 Rbd8 24. Nd3 Qc7 25. Ne5 Bxe5 26. fxe5 b5 27. Bf3 Bxf3 28. Qxf3 g6 29. Rh2 Kg7 30. Qf2 Nc8 31. Kg2 Rh8 32. Rah1 Rdg8 33. h5 Qd7 34. hxg6 hxg6 35. Rxh8 Rxh8 36. Rxh8 Kxh8 37. Qf3 Qd5 38. Qxd5 cxd5 39. b3 Nb6 40. Kf2 Kg7 41. Ke2 Kf7 1/2-1/2